000 01055nam a22002537a 4500
001 5801
003 FISKH
005 20250815161812.0
008 250122b cb ||||| |||| 00| 0 eng d
020 _a9780545133753
040 _aFISKH
_beng
_cFISKH
_dFISKH
050 _aPZ7.P31173
082 _a304.8
100 _aPeacock, Louise
245 _aAt Ellis island :
_bA history in many voices /
_cby Louise Peacock : Illustrated by Walter Lyon Krudop
250 _aFirst Scholastic printing, November 2008
260 _aNew York :
_bScholastic ,
_c2007.
300 _a44 pages :
_bcolor illustrations ;
_c26 cm .
520 _aThe experiences of people coming to the United States from many different lands are conveyed in the words of a contemporary young girl visiting Ellis Island and of a girl who immigrated in about 1910, as well as by quotes from early twentieth century immigrants and Ellis Island officials.
650 _aimmigration
_vnon-fiction
700 _aKrudop, Walter Lyon
_eillustrator
942 _2ddc
_cBK
_n0
999 _c5801
_d5801